banner-ar

القبائل والعشائر العربية فى خوزستان مع دراسة حول الاعراف . الشعر الفن والتاريخ / (Record no. 48530)

MARC details
000 -الفاتح
حقل البيانات ثابتة الطول 00816nam a2200205Ia 4500
008 - عناصر البيانات ثابتة الطول - معلومات عامة
حقل البيانات ثابتة الطول 140319s9999 xx 000 0 ara d
040 ## - مصدر الفهرسة
وكالة الفهرسة الأصلية GCL /
وكالة النسخ GCL
082 04 - رقم تصنيف ديوى العشرى
رقم التصنيف 301.4512
رقم المادة ى ق
100 1# - المدخل الرئيسى - إسم شخصى
الإسم الشخصى يوسف عزيز بنى طرف
245 10 - بيان العنوان
العنوان القبائل والعشائر العربية فى خوزستان مع دراسة حول الاعراف . الشعر الفن والتاريخ /
بيان المسئوليه,etc يوسف عزيز بنى طرف
700 1# - المدخل الاضافى - اسم شخصى
الإسم الشخصى جابر احمد
300 ## - الوصف المادى
التعداد 222 ص
490 ## - بيان السلسلة
عنوان السلسلة الهيئة العامة للاستعلامات
رقم المجلد/ التعيين التسلسلي 0
650 04 - المدخل الاضافى بالموضوع-مصطلح موضوعى
مصطلح موضوعي الاحوال الاجتماعية
650 04 - المدخل الاضافى بالموضوع-مصطلح موضوعى
مصطلح موضوعي العادات والتقاليد
650 04 - المدخل الاضافى بالموضوع-مصطلح موضوعى
مصطلح موضوعي خوزستان - ايران - الاحوال الثقافية
650 04 - المدخل الاضافى بالموضوع-مصطلح موضوعى
مصطلح موضوعي القبائل العربية - ايران
942 ## - عناصر المدخل الإضافي( كوها)
مصدر التصنيف او مخطط الترفيف Dewey Decimal Classification
Koha [default] item type كتاب
Holdings
حالة التراجع حالة الفقد حالة تلف ليس للاعارة المكان المؤقت الموقع الحالى تاريخ الاكتساب اجمالي اﻻعارات رقم الطلب الباركود تاريخ اخر مشاهدة تاريخ تفعيل السعر نوع وعاء كوها
        مكتبة القاهرة الكبرى مكتبة القاهرة الكبرى 03/26/2014   301.4512\ى ق 117179 03/26/2014 03/26/2014 كتاب
        مكتبة القاهرة الكبرى مكتبة القاهرة الكبرى 03/26/2014   301.4512\ى ق 117180 03/26/2014 03/26/2014 كتاب

Powered By

EGPV